000 00303nam a22001337a 4500
008 171017b xxu||||| |||| 00| 0 eng d
020 _a9780070385467
041 _aeng
080 _a330.101.542
100 _a52
101 _aMIK
245 _aPRINCIPLES MICROECONOMIC
_cMORRIS.SI
942 _2udc
_cBK
999 _c34393
_d34393